000 00216 a2200097 4500
001 28957
100 _aMendelson, E
245 _aThes & Aob of boolean Algebra
260 _a
_bMc Graw Hill
_c
090 _c19353
_d19353
942 _aNUST-CAE
_cM
_c10395
999 _c264030
_d264030